| 000 | 00356 a2200157 4500 | ||
|---|---|---|---|
| 001 | 71954 | ||
| 020 | _a8525901172 | ||
| 040 | _cAnchieta - Colégio São Paulo | ||
| 100 | _aMelado, João Batista | ||
| 240 | 1 | 0 |
_aFesta no céu _lpor |
| 245 | 1 | 0 | _aFesta no céu |
| 300 | _a[20p.] | ||
| 362 | 0 | _a1980 | |
| 650 | 4 | _aLiteratura infanto-juvenil | |
| 942 | _cBK | ||
| 999 |
_c71954 _d71954 |
||